Newcastle Best XI - Statistics

General Stats
  • This quiz has been taken 424 times
  • The average score is 7 of 18
Answer Stats
Hint Answer % Correct
ST Shearer
97%
GK Given
82%
ST Beardsley
58%
ST Cole
58%
SUB Ferdinand
58%
CM Lee
49%
CM Speed
49%
CB Coloccini
42%
CB Taylor
37%
RB Barton
36%
SUB Krul
30%
SUB Ameobi
29%
LB Enrique
26%
CM Gascoigne
19%
SUB Gillespie
16%
SUB Hughes
16%
SUB Butt
15%
SUB O'Brien
9%
No matching quizzes found
Score Distribution
Percent of People with Each Score
Percentile by Number Answered
Your Score History
You have not taken this quiz